Desafíos de la educación en el nuevo milenio: (Registro nro. 8814)

Detalles MARC
000 -LEADER
fixed length control field 00864nam a2200181Ia 4500
005 - FECHA Y HORA DE LA ÚLTIMA TRANSACCIÓN
control field 20230809162812.0
008 - FIXED-LENGTH DATA ELEMENTS--GENERAL INFORMATION
fixed length control field 230809s9999 xx 000 0 und d
040 ## - CATALOGING SOURCE
Original cataloging agency UPAN
Transcribing agency Biblioteca San Vicente
Description conventions RCAA2
041 ## - LANGUAGE CODE
Language code of text/sound track or separate title spa
082 ## - DEWEY DECIMAL CLASSIFICATION NUMBER
Classification number 379.15
Item number M565d
año de publicación 2000
110 ## - MAIN ENTRY--CORPORATE NAME
Corporate name or jurisdiction name as entry element Ministerio de Educación
Relator code aut.
245 #0 - TITLE STATEMENT
Title Desafíos de la educación en el nuevo milenio:
Remainder of title reforma educativa en marcha (2000-2005)/
Statement of responsibility, etc Ministerio de Educación
260 ## - PUBLICATION, DISTRIBUTION, ETC. (IMPRINT)
Place of publication, distribution, etc El Salvador:
Name of publisher, distributor, etc MINED,
Date of publication, distribution, etc 2000
300 ## - PHYSICAL DESCRIPTION
Extent 42 p.;
Dimensions 28 cm.
505 ## - FORMATTED CONTENTS NOTE
Formatted contents note I. La educación en la nueva alianza<br/>II. Políticas y programas de cobertura<br/>III. Políticas y programas de calidad<br/>IV. Políticas y programas de formación en valores<br/>V. Políticas y programas de Modernización institucional<br/>VI. Requerimientos financieros
650 ## - SUBJECT ADDED ENTRY--TOPICAL TERM
Source of heading or term LEMB
Form subdivision Legislación
General subdivision Educación
Geographic subdivision El Salvador
942 ## - ADDED ENTRY ELEMENTS (KOHA)
Koha item type Libros
Source of classification or shelving scheme Dewey Decimal Classification
Existencias
Withdrawn status Lost status Source of classification or shelving scheme Damaged status Not for loan Collection code Home library Current library Date acquired Total Checkouts Full call number Barcode Date last seen Copy number Price effective from Koha item type
    Dewey Decimal Classification     Colección General Biblioteca UPAN San Vicente Biblioteca UPAN San Vicente 09/08/2023   379.15 M565d 12003952 09/08/2023 01 09/08/2023 Libros